Statistiken für Gemeinden Landkreis Traunstein

Klicken Sie hier um das Quiz zu spielen!

Allgemein

  • Dieses Quiz wurde 67 mal gespielt
  • Das Durchschnittsergebnis liegt bei 22 aus 35

Antwortstatistiken

EinwohnerGemeindeartGemeindename% Korrekt
20.599Große KreisstadtTraunstein
100%
20.931StadtgemeindeTraunreut
91%
7.065GemeindeRuhpolding
79%
4.976GemeindeChieming
77%
11.295StadtgemeindeTrostberg
77%
8.310GemeindeSiegsdorf
74%
4.826GemeindeInzell
72%
7.027MarktgemeindeWaging am See
72%
2.328GemeindeReit im Winkl
70%
4.488GemeindeSeeon-Seebruck
67%
2.145GemeindeTaching am See
67%
5.823StadtgemeindeTittmoning
67%
6.878MarktgemeindeGrassau
65%
4.997GemeindeÜbersee
65%
4.381GemeindeGrabenstätt
63%
3.492GemeindePalling
63%
2.323GemeindePetting
63%
4.146GemeindeAltenmarkt an der Alz
60%
4.892GemeindeBergen
60%
2.457GemeindeNußdorf
60%
4.332GemeindeObing
60%
3.420GemeindeSurberg
60%
5.768GemeindeTacherting
60%
3.577GemeindeUnterwössen
60%
4.401GemeindeFridolfing
58%
3.329GemeindeKirchanschöring
56%
2.561GemeindeEngelsberg
53%
1.827GemeindePittenhart
53%
1.856GemeindeSchleching
51%
1.414GemeindeKienberg
49%
3.273GemeindeMarquartstein
49%
3.648GemeindeSchnaitsee
49%
1.812GemeindeVachendorf
49%
1.570GemeindeWonneberg
49%
1.152GemeindeStaudach-Egerndach
47%

Verteilung der Resultate

Perzentil nach korrekt beantworteten Fragen

Anzahl Personen mit jedem Resultat

Ihre Resultats-Entwicklung

Sie haben dieses Quiz noch nicht gespielt